Trade policy review Japan 1990

שמור ב:
מידע ביבליוגרפי
פורמט: ספר
שפה:Undetermined
יצא לאור: Tokyo General Agreement on Tariffis and Trade Geneva 1990
נושאים:
תגים: הוספת תג
אין תגיות, היה/י הראשונ/ה לתייג את הרשומה!
Thư viện lưu trữ: Trung tâm Học liệu Trường Đại học Cần Thơ
LEADER 00476nam a2200169Ia 4500
001 CTU_81055
008 210402s9999 xx 000 0 und d
082 |a 382 
082 |b T763 
245 0 |a Trade policy review Japan 1990 
260 |a Tokyo 
260 |b General Agreement on Tariffis and Trade Geneva 
260 |c 1990 
650 |a Japan,Japan 
650 |x Commercial policy,Commerce 
904 |i TRuc,Hải 
980 |a Trung tâm Học liệu Trường Đại học Cần Thơ